Mágia zasnúbenej zeme

Bibliographic Details
Main Author: Jílek, Peter (Author)
Format: Article
Language:Slovak
PhysicalDescription:Obr.
ISSN:1335-468X
Subjects:

MARC

LEADER 00000nab a2200000 ar4500
001 vtls008408878
003 SK-MaSNL
005 20260303070113.0
008 051110c2005 xo wr|p|||||||000 b|slo
015 |a SNBRB2005/11  |2 snkbucl 
038 |a SNKBUCL 
040 |a SNKBUCL  |b slo  |c SNKBUCL  |e AACR2 
041 0 |a slo 
044 |a xo  |c SK 
080 |a 82.09:821.411.16  |2 UDC-MRF-SK2 
080 |a 821.411.16  |2 UDC-MRF-SK2 
100 1 |a Jílek, Peter  |4 aut  |9 1067081 
245 1 0 |a Mágia zasnúbenej zeme  |c Peter Jílek 
300 |b Obr. 
650 0 7 |a izraelské romány  |2 snkbucl  |9 1053820 
655 7 |a recenzie  |2 snkbucl  |9 21907 
773 0 |t Slovo. Spoločensko-politický týždenník  |g Roč. VII, č. 27 (2005), s. 12  |x 1335-468X 
787 0 8 |i Rec.:  |a Shalev, Meir  |t Modrý vrch  |d Bratislava : Slovart, 2005  |z 8071459909 
852 |a SNK  |b KIS3GCP 
958 |a LX 
958 |a IL 
958 |a RC 
999 |c 1753976  |d 1755906